000 00755nam a2200289Ia 4500
003 OSt
005 20220912150358.0
006 a|||||r|||| 00| 0
007 ta
008 220909b |||||||| |||| 00| 0 eng d
020 _a3527300406^bhbd
024 _a3655
037 _bJagmander,
037 _cTextual
040 _aCSL
_beng
_cCSL
041 _aeng
082 _aJ5:6, N3
100 _aMurphy Denis J Ed.
245 0 _aDesigner oil crops: Breeding, processing and biotechnology
260 _aWeinheim
_bVCH
_c1994
300 _axvi, 317p.
_ccm.
650 _a Breeding
650 _a Oil crop
650 _aAgriculture
942 _hJ5:6, N3
_cTEXL
_2CC
999 _c46173
_d46173